Vista normal
Vista MARC
- Green, Michael
Entrada Autor personal
Número de registros utilizados en: 1
001 - NUMERO DE CONTROL
- Campo de control: 821
003 - IDENTIFICADOR DE NUMERO DE CONTROL
- Campo de control: CO-MdFUSB
005 - HORA Y FECHA DE LA ULTIMA TRANSACCIÓN
- Campo de control: 20170309143757.0
008 - CAMPO DE LONGITUD FIJA
- Campo fijo de descripción fija: 170309|| aca||aabn | a|a d
040 ## - AGENCIA DE CATALOGACIÓN ORIGINAL
- Lenguaje de catalogación: spa
- Agencia que hace la transcripción: CO-MdFUSB
100 ## - AUTOR PERSONAL
- Autor personal: Green, Michael
370 ## - LUGARES ASOCIADOS
- País asociado: Inglaterra
372 ## - FIELD OF ACTIVITY
- Campo de actividad: programa de evangelización de la iglesia Anglicana en las Islas Británicas
372 ## - FIELD OF ACTIVITY
- Campo de actividad: conferencista
372 ## - FIELD OF ACTIVITY
- Campo de actividad: escritor
374 ## - OCUPACIÓN
- Ocupación: pastor
- Ocupación: docente universitario
375 ## - GENERO
- Género: masculino
377 ## - IDIOMA ASOCIADO
- Código del idioma: eng
670 ## - FUENTE EN LA QUE SE LOCALIZARON DATOS
- Fuente: La evangelización en la iglesia primitiva, 1997
- Fuente de información: t.p. (Michael Green)
